[Event "48th NED-ch"]
[Site "Eindhoven NED"]
[Date "1992.03.30"]
[Round "11"]
[White "Bosboom, Manuel"]
[Black "Cifuentes Parada, Roberto"]
[Result "1/2-1/2"]
[WhiteElo "2455"]
[BlackElo "2540"]
[EventDate "1992.03.17"]
[PlyCount "21"]

1.e4 c5 2.Nf3 Nc6 3.Bb5 e6 4.O-O Nge7 5.Nc3 a6 6.Bxc6 Nxc6 7.d4 cxd4 8.
Nxd4 d6 9.Re1 Be7 10.Nxc6 bxc6 11.Qg4 1/2-1/2

[Event "48th NED-ch"]
[Site "Eindhoven NED"]
[Date "1992.03.30"]
[Round "11"]
[White "Knoppert, Erik"]
[Black "Van der Wiel, John"]
[Result "1-0"]
[WhiteElo "2345"]
[BlackElo "2540"]
[EventDate "1992.03.17"]
[PlyCount "79"]

1.e4 c5 2.Nf3 e6 3.d4 cxd4 4.Nxd4 Nf6 5.Nc3 Nc6 6.Ndb5 d6 7.Bf4 e5 8.Bg5 
a6 9.Na3 b5 10.Bxf6 gxf6 11.Nd5 Bg7 12.c3 f5 13.exf5 Bxf5 14.Nc2 O-O 15.
Be2 Ne7 16.Nce3 Be6 17.Bf3 Rb8 18.O-O Kh8 19.a4 f5 20.axb5 axb5 21.Ra7 Nc6
22.Nc7 Nxa7 23.Nxe6 Qe7 24.Nxf8 Qxf8 25.Qd5 b4 26.Qa5 Nc8 27.cxb4 e4 28.
Bh5 f4 29.Nc4 f3 30.Re1 Ne7 31.Nxd6 e3 32.Bxf3 exf2+ 33.Kxf2 Qf4 34.Qc7 
Qd2+ 35.Kf1 Bd4 36.Qxb8+ Ng8 37.Ne4 Qd3+ 38.Be2 Qe3 39.Qxg8+ Kxg8 40.Bc4+ 
1-0

[Event "48th NED-ch"]
[Site "Eindhoven NED"]
[Date "1992.03.30"]
[Round "11"]
[White "Kuijf, Marinus"]
[Black "Brenninkmeijer, Joris"]
[Result "1/2-1/2"]
[WhiteElo "2440"]
[BlackElo "2500"]
[EventDate "1992.03.17"]
[PlyCount "83"]

1.d4 Nf6 2.Nf3 d5 3.c4 e6 4.Nc3 Bb4 5.cxd5 exd5 6.Bg5 Nbd7 7.Rc1 c5 8.dxc5
Bxc3+ 9.Rxc3 Qa5 10.Nd2 Qxa2 11.Re3+ Kf8 12.Bf4 Qxb2 13.Bd6+ Kg8 14.g3 g6 
15.Bg2 Kg7 16.O-O Re8 17.Rxe8 Nxe8 18.Bxd5 Nxd6 19.cxd6 Nf6 20.Nc4 Qb5 21.
Ne3 Bh3 22.Qd4 Rd8 23.Bc4 Qb6 24.Qxb6 axb6 25.Rd1 Bd7 26.Bb3 b5 27.Nc2 Bc6
28.Nb4 Ne4 29.f3 Nxd6 30.e4 f6 31.Kf2 Be8 32.Rc1 Nc4 33.Nd5 Ne5 34.Rc7+ 
Rd7 35.Ke3 Bf7 36.Rxd7 Nxd7 37.Kd4 Ne5 38.Bd1 g5 39.Be2 Bh5 40.Ke3 Nc4+ 
41.Kd4 Ne5 42.Ke3 1/2-1/2

[Event "48th NED-ch"]
[Site "Eindhoven NED"]
[Date "1992.03.30"]
[Round "11"]
[White "Piket, Jeroen"]
[Black "Klarenbeek, Hans"]
[Result "1/2-1/2"]
[WhiteElo "2615"]
[BlackElo "2415"]
[EventDate "1992.03.17"]
[PlyCount "48"]

1.d4 Nf6 2.Nf3 e6 3.c4 Bb4+ 4.Bd2 Qe7 5.g3 Nc6 6.Nc3 Bxc3 7.Bxc3 Ne4 8.Rc1
d6 9.Bg2 Nxc3 10.Rxc3 e5 11.d5 Nb8 12.O-O O-O 13.Nd2 a5 14.e4 Na6 15.f4 
exf4 16.gxf4 f5 17.Re3 fxe4 18.Nxe4 Nc5 19.Qd4 Nxe4 20.Rxe4 Qf6 21.Qxf6 
Rxf6 22.Re7 Rf7 23.Re8+ Rf8 24.Re7 Rf7 1/2-1/2

[Event "48th NED-ch"]
[Site "Eindhoven NED"]
[Date "1992.03.30"]
[Round "11"]
[White "Van Mil, Johannes"]
[Black "Sosonko, Gennadi"]
[Result "1/2-1/2"]
[WhiteElo "2445"]
[BlackElo "2530"]
[EventDate "1992.03.17"]
[PlyCount "34"]

1.e4 c5 2.c3 d5 3.exd5 Qxd5 4.d4 Nf6 5.Be3 cxd4 6.cxd4 e6 7.Nc3 Qd6 8.Nf3 
Be7 9.Bd3 Nc6 10.a3 O-O 11.O-O a6 12.Rc1 Bd7 13.Bb1 Rac8 14.Qd3 Rfd8 15.
Bg5 g6 16.Rcd1 Be8 17.Rfe1 Nd5 1/2-1/2

[Event "48th NED-ch"]
[Site "Eindhoven NED"]
[Date "1992.03.30"]
[Round "11"]
[White "Van der Sterren, Paul"]
[Black "Nijboer, Friso"]
[Result "1-0"]
[WhiteElo "2535"]
[BlackElo "2455"]
[EventDate "1992.03.17"]
[PlyCount "98"]

1.d4 d6 2.Nf3 g6 3.c4 Bg7 4.e4 Nf6 5.Nc3 O-O 6.Be2 e5 7.O-O Nc6 8.d5 Ne7 
9.Nd2 a5 10.a3 Nd7 11.Rb1 f5 12.b4 Kh8 13.f3 Ng8 14.Qc2 Ngf6 15.Nb5 axb4 
16.axb4 Nh5 17.g3 Ndf6 18.c5 fxe4 19.fxe4 Bh3 20.Re1 Ne8 21.Nf3 h6 22.Nh4 
Kh7 23.Rb3 Nhf6 24.Rc3 Ng4 25.Bf1 Rf2 26.Qd1 Rxf1+ 27.Rxf1 Bxf1 28.Qxf1 c6
29.Qf7 Qf6 30.Qxf6 Ngxf6 31.dxc6 bxc6 32.Nxd6 Nxd6 33.cxd6 Nxe4 34.Rxc6 
Rd8 35.b5 Rxd6 36.Kg2 Rxc6 37.bxc6 Nd6 38.Ba3 Nb5 39.Bc5 e4 40.Kf2 Bf6 41.
Ke3 Nc3 42.Bb4 Nb5 43.Kxe4 Kg7 44.Kd5 Kf7 45.Kc5 Nc7 46.Kd6 Nb5+ 47.Kd7 
Be5 48.Ba5 g5 49.Nf3 Bg7 1-0